Sensus litteralis, moralis ac historicus ritum ac caeremoniarum missae, ad mentem rubricarum breviarii et misalis,...

Detalles Bibliográficos
Formato: Libro
Publicado: Malinas 1838
Materias:
Colección:Banco de datos
Acervo:Biblioteca del Convento de San Pablo. Yuririahupándaro. Guanajuato
Descripción Física:t. IV
Tema general:Liturgia
Notas:Buena. Ex libris de la Provincia de Agustinos de Michoacán. 2E, 1, 26 (1042 1E1).
LEADER 00751nam a22001930004500
035 |a 34575 
036 |a 216 
245 1 0 |a Sensus litteralis, moralis ac historicus ritum ac caeremoniarum missae, ad mentem rubricarum breviarii et misalis,... 
260 |a Malinas  |b P.J. Hanicq imp.  |c 1838 
300 |a t. IV 
500 |a Buena. Ex libris de la Provincia de Agustinos de Michoacán. 2E, 1, 26 (1042 1E1). 
650 1 0 |a Liturgia 
949 |a CRG.CY 
959 |a Ex convento de San Pablo, Museo Regional de Yuririahpúndaro, Guanajuato  |b CCC9 
960 |a Convento San Pablo Yuririahpúndaro, Guanajuato  |b DD86 
961 |a Agustina  |b OA 
942 |c CRG-CY 
943 |g Biblioteca del Convento de San Pablo. Yuririahupándaro. Guanajuato 
999 |c 955241  |d 955241